[Event "CZE-chT2A 0910"]
[Site "Czech Republic"]
[Date "2010.02.28"]
[Round "8.8"]
[White "Chmelik, David"]
[Black "Winkelhoefer, Ladislav"]
[Result "1/2-1/2"]
[WhiteElo "2129"]
[BlackElo "2113"]
[PlyCount "33"]
[EventDate "2009.10.18"]
[EventType "team-tourn"]
[EventRounds "11"]
[EventCountry "CZE"]
[SourceTitle "EXT 2012"]
[Source "ChessBase"]
[SourceDate "2011.11.24"]
[SourceVersion "1"]
[SourceVersionDate "2011.11.24"]
[SourceQuality "1"]
[WhiteTeam "Kozolupy"]
[BlackTeam "Plzen Sokol"]
[WhiteTeamCountry "CSR"]
[BlackTeamCountry "CZE"]

1. d4 d5 2. Nf3 Nf6 3. c4 c6 4. Nc3 e6 5. Bg5 Be7 6. e3 0-0 7. Qc2 Nbd7 8. Rd1 h6 9. Bf4 Nh5 10. Bg3 a6 11. a3 b5 12. cxb5 cxb5 13. Be2 Bb7 14. Be5 f5 15. h3 Nhf6 16. Rg1 Ne4 17. Nxe4 1/2-1/2

[Event "CZE-chT2A 0809"]
[Site "Czech Republic"]
[Date "2009.03.22"]
[Round "10.6"]
[White "Chmelik, David"]
[Black "Janda, Jiri"]
[Result "0-1"]
[WhiteElo "2127"]
[BlackElo "2170"]
[PlyCount "84"]
[EventDate "2008.10.12"]
[EventType "team-tourn"]
[EventRounds "11"]
[EventCountry "CZE"]
[SourceTitle "EXT 2010"]
[Source "ChessBase"]
[SourceDate "2010.11.25"]
[SourceVersion "1"]
[SourceVersionDate "2010.11.25"]
[SourceQuality "1"]
[WhiteTeam "Kozolupy"]
[BlackTeam "Kobylisy"]
[WhiteTeamCountry "CZE"]
[BlackTeamCountry "CZE"]

1. d4 Nf6 2. Nf3 g6 3. c4 Bg7 4. Nc3 d6 5. e4 0-0 6. Be2 e5 7. 0-0 Nc6 8. d5 Ne7 9. b4 Ne8 10. Nd2 f5 11. Bf3 Nf6 12. Re1 f4 13. c5 g5 14. h3 Ng6 15. cxd6 cxd6 16. Nf1 Nh4 17. Bg4 Nxg4 18. hxg4 f3 19. Ne3 Qf6 20. g3 Qh6 21. Rb1 Bd7 22. Rb3 Ng6 23. Nf5 Qh3 24. Qxf3 Nh4 25. Qh1 Qxg4 26. Nxh4 gxh4 27. Qxh4 Qxh4 28. gxh4 Bf6 29. Bg5 Bxg5 30. hxg5 Rf4 31. Re3 Raf8 32. Rb2 Bg4 33. Ne2 Rxf2 34. Rc2 R8f7 35. a4 Kg7 36. b5 Kg6 37. a5 Kxg5 38. Rg3 Kh4 39. Rg2 Rf1+ 40. Kh2 Rb1 41. Rc3 Rf3 42. Rxf3 Bxf3 0-1

[Event "CZE-chT2a 0405"]
[Site "Czech Republic"]
[Date "2004.11.21"]
[Round "3.3"]
[White "Simak, Pavel"]
[Black "Chmelik, David"]
[Result "1-0"]
[WhiteElo "2106"]
[BlackElo "2147"]
[PlyCount "75"]
[EventDate "2004.10.17"]
[EventType "team"]
[EventRounds "11"]
[EventCountry "CZE"]
[SourceTitle "EXT 2007"]
[Source "ChessBase"]
[SourceDate "2006.11.23"]
[SourceVersion "1"]
[SourceVersionDate "2006.11.23"]
[SourceQuality "1"]
[WhiteTeam "Tabor II"]
[BlackTeam "Plzen IC"]
[WhiteTeamCountry "CZE"]
[BlackTeamCountry "CZE"]

1. d4 Nf6 2. c4 e6 3. Nc3 Bb4 4. Qc2 d5 5. a3 Bxc3+ 6. bxc3 0-0 7. Bg5 dxc4 8. e4 h6 9. Bh4 g5 10. Bg3 b5 11. h4 g4 12. h5 Bb7 13. f3 Nh7 14. Bh4 Ng5 15. e5 c5 16. Rd1 gxf3 17. gxf3 cxd4 18. cxd4 Nc6 19. Qb2 Qa5+ 20. Kf2 Qa4 21. Qc1 f6 22. exf6 Rxf6 23. Bxg5 hxg5 24. Qxg5+ Kf7 25. Be2 Rg8 26. Qc5 Ne7 27. h6 Rf5 28. Qc7 Qa6 29. h7 Rh8 30. Qg3 Qxa3 31. Nh3 Nd5 32. Ng5+ Kf6 33. Ne4+ Kf7 34. Nd6+ Ke7 35. Nxf5+ exf5 36. Qe5+ Kf7 37. Qb8 Qe3+ 38. Kf1 1-0

[Event "CZE-chTJ 0102"]
[Site "Czech Republic"]
[Date "2002.??.??"]
[Round "3"]
[White "Pokrupa, Marek"]
[Black "Chmelik, David"]
[Result "1/2-1/2"]
[WhiteElo "2082"]
[BlackElo "2152"]
[PlyCount "51"]
[EventDate "2001.??.??"]
[EventType "team"]
[EventRounds "11"]
[EventCountry "CZE"]
[SourceTitle "EXT 2003"]
[Source "ChessBase"]
[SourceDate "2002.11.25"]
[SourceVersion "1"]
[SourceVersionDate "2002.11.25"]
[SourceQuality "1"]
[WhiteTeam "Line"]
[BlackTeam "Plzen Bolevec"]
[WhiteTeamCountry "CZE"]
[BlackTeamCountry "CZE"]

1. Nf3 Nf6 2. g3 d5 3. Bg2 c6 4. 0-0 Bf5 5. d3 e6 6. Nbd2 Be7 7. Qe1 0-0 8. e4 Bg6 9. b3 Bb4 10. e5 Nfd7 11. Bb2 c5 12. Qe2 Nc6 13. Rfe1 Bh5 14. c3 Ba5 15. Qe3 Bb6 16. d4 cxd4 17. cxd4 Nb4 18. Rec1 Bg6 19. Ne1 a5 20. a3 Nc6 21. Nd3 Qb8 22. Nf3 Qa7 23. Nc5 Bxc5 24. dxc5 Qb8 25. Re1 Rc8 26. Rac1 1/2-1/2

[Event "CZE-chTJ 0001"]
[Site "Czech Republic"]
[Date "2001.??.??"]
[Round "4"]
[White "Blecha, Miroslav"]
[Black "Chmelik, David"]
[Result "0-1"]
[WhiteElo "2205"]
[BlackElo "2110"]
[PlyCount "76"]
[EventDate "2000.??.??"]
[EventType "team"]
[EventRounds "11"]
[EventCountry "CZE"]
[SourceTitle "EXT 2003"]
[Source "ChessBase"]
[SourceDate "2002.11.25"]
[SourceVersion "1"]
[SourceVersionDate "2002.11.25"]
[SourceQuality "1"]

1. e4 e5 2. Nf3 Nc6 3. d4 exd4 4. Nxd4 Bc5 5. Be3 Qf6 6. c3 Nge7 7. Bc4 0-0 8. 0-0 Bb6 9. Na3 Rd8 10. f4 d5 11. e5 Qh6 12. Be2 Nxe5 13. Nac2 Nf5 14. Nxf5 Bxf5 15. Nd4 Be4 16. Qd2 Qg6 17. g3 Nc4 18. Bxc4 dxc4 19. Qf2 Bxd4 20. Bxd4 Rd5 21. Rfe1 Rad8 22. Qe2 f5 23. Qxc4 c5 24. Be3 Kh8 25. Qe2 Qd6 26. Qf2 b6 27. a4 Rd3 28. a5 Bb7 29. axb6 Qc6 30. Kf1 axb6 31. Rac1 h6 32. Re2 R8d6 33. Rce1 h5 34. Qg1 h4 35. g4 Qf3+ 36. Qf2 Qh3+ 37. Kg1 Qxg4+ 38. Kf1 Qh3+ 0-1

[Event "CZE-chTJ 0001"]
[Site "Czech Republic"]
[Date "2000.??.??"]
[Round "7"]
[White "Chmelik, David"]
[Black "Rosenzweig, Vladimir L"]
[Result "1/2-1/2"]
[WhiteElo "2107"]
[BlackElo "2349"]
[PlyCount "77"]
[EventDate "2000.??.??"]
[EventType "team"]
[EventRounds "11"]
[EventCountry "CZE"]
[SourceTitle "EXT 2003"]
[Source "ChessBase"]
[SourceDate "2002.11.25"]
[SourceVersion "1"]
[SourceVersionDate "2002.11.25"]
[SourceQuality "1"]

1. d4 Nf6 2. Nf3 g6 3. c4 Bg7 4. Nc3 0-0 5. e4 d6 6. Be2 Bg4 7. 0-0 Nfd7 8. Bg5 Nc6 9. d5 Bxf3 10. Bxf3 Nd4 11. Be3 e5 12. Nb5 Nxf3+ 13. Qxf3 a6 14. Nc3 Qh4 15. b4 f5 16. c5 f4 17. Bc1 dxc5 18. bxc5 Nxc5 19. Ba3 b6 20. Bxc5 bxc5 21. Na4 g5 22. Qh3 Qxh3 23. gxh3 c6 24. Nb6 cxd5 25. Nxa8 Rxa8 26. Rac1 dxe4 27. Rxc5 Rd8 28. Rfc1 Rd3 29. Rc8+ Kf7 30. R8c7+ Kg6 31. R7c6+ Kf5 32. Rxa6 f3 33. Ra7 Bf6 34. Rf7 Rd2 35. a4 Ra2 36. Kf1 Rxa4 37. Ke1 Kg6 38. Rfc7 Ra3 39. R1c6 1/2-1/2

[Event "CZE-chTJ 0001"]
[Site "Czech Republic"]
[Date "2000.??.??"]
[Round "4"]
[White "Ondrejat, Miroslav"]
[Black "Chmelik, David"]
[Result "1/2-1/2"]
[WhiteElo "2125"]
[BlackElo "2110"]
[PlyCount "82"]
[EventDate "2000.??.??"]
[EventType "team"]
[EventRounds "11"]
[EventCountry "CZE"]
[SourceTitle "EXT 2002"]
[Source "ChessBase"]
[SourceDate "2001.11.25"]
[SourceVersion "1"]
[SourceVersionDate "2001.11.25"]
[SourceQuality "1"]

1. Nf3 Nf6 2. c4 e6 3. g3 d5 4. Bg2 Be7 5. 0-0 0-0 6. b3 Nbd7 7. Bb2 c6 8. Qc2 Re8 9. d3 Nf8 10. e4 Ng6 11. Nbd2 Qb6 12. e5 Ng4 13. h3 Nh6 14. Kh2 Nf5 15. Rae1 Bc5 16. Re2 Rd8 17. h4 a5 18. h5 Nge7 19. g4 Nh6 20. Kh3 a4 21. d4 Bb4 22. c5 Qa6 23. Re3 b6 24. a3 Bxd2 25. Nxd2 axb3 26. Rxb3 b5 27. Rg3 Qa4 28. Qc1 b4 29. axb4 Ba6 30. Re1 Qxb4 31. Rb3 Qa4 32. Qc3 Rab8 33. Ra1 Rxb3 34. Rxa4 Rxc3+ 35. Bxc3 Bb5 36. Ra7 Kf8 37. Ba5 Re8 38. f4 g6 39. hxg6 hxg6 40. Bf3 Kg7 41. Bd1 Rh8 1/2-1/2

[Event "CZE-chTJ 9900"]
[Site "Czech Republic"]
[Date "1999.??.??"]
[Round "?"]
[White "Chmelik, David"]
[Black "Masek, Miroslav"]
[Result "0-1"]
[WhiteElo "2107"]
[BlackElo "2150"]
[PlyCount "80"]
[EventDate "1999.??.??"]
[EventType "team"]
[EventRounds "11"]
[EventCountry "CZE"]
[SourceTitle "EXT 2002"]
[Source "ChessBase"]
[SourceDate "2001.11.25"]
[SourceVersion "1"]
[SourceVersionDate "2001.11.25"]
[SourceQuality "1"]

1. d4 d5 2. Nf3 Nf6 3. c4 c6 4. Nc3 dxc4 5. a4 Bf5 6. e3 e6 7. Bxc4 Bb4 8. 0-0 Nbd7 9. Qe2 Bg6 10. Rd1 0-0 11. Bd2 a5 12. Rac1 Qe7 13. Be1 Bh5 14. e4 e5 15. d5 Nb6 16. dxc6 bxc6 17. Bb3 Nfd7 18. Qe3 Nc5 19. Nd5 Nxd5 20. Bxd5 cxd5 21. Bxb4 axb4 22. Qxc5 Qxc5 23. Rxc5 dxe4 24. Rxe5 f5 25. Rd4 exf3 26. Rxb4 Rfe8 27. Re3 Rxe3 28. fxe3 fxg2 29. Kxg2 Kf7 30. Kg3 Bd1 31. b3 g5 32. Rb5 Kf6 33. a5 Be2 34. Rb6+ Ke5 35. b4 f4+ 36. Kf2 Bc4 37. Rc6 Bd5 38. Rb6 Rc8 39. exf4+ gxf4 40. a6 Rc2+ 0-1

[Event "Ostrava op"]
[Site "Ostrava"]
[Date "1998.??.??"]
[Round "?"]
[White "Chmelik, David"]
[Black "Cervenka, Roman"]
[Result "1-0"]
[WhiteElo "1965"]
[BlackElo "2045"]
[PlyCount "137"]
[EventDate "1998.??.??"]
[EventType "swiss"]
[EventRounds "10"]
[EventCountry "CZE"]
[SourceTitle "EXT 2006"]
[Source "ChessBase"]
[SourceDate "2005.11.24"]
[SourceVersion "1"]
[SourceVersionDate "2005.11.24"]
[SourceQuality "1"]

1. d4 f5 2. g3 Nf6 3. Bg2 e6 4. Nh3 Be7 5. 0-0 d5 6. Nd2 0-0 7. Nf3 Ne4 8. Ne5 Nd7 9. f3 Nd6 10. Nd3 Nf6 11. c3 h6 12. Nhf4 Qe8 13. Ne5 Nh7 14. Nfg6 Rf6 15. Nxe7+ Qxe7 16. b3 Nf7 17. e4 fxe4 18. Nxf7 Qxf7 19. fxe4 Rxf1+ 20. Qxf1 Qxf1+ 21. Kxf1 dxe4 22. Bxe4 Nf6 23. Bf3 c6 24. Ba3 Nd5 25. Rc1 Bd7 26. c4 Ne3+ 27. Ke2 Nf5 28. Rd1 Be8 29. g4 Nh4 30. Be4 Ng6 31. Ke3 Bf7 32. Bc5 Rd8 33. Rf1 e5 34. Bxg6 exd4+ 35. Bxd4 Bxg6 36. Bxa7 Ra8 37. Bc5 Rxa2 38. Rf8+ Kh7 39. Rb8 Rxh2 40. Rxb7 Kg8 41. Bd4 Bf7 42. Kf4 Rh3 43. Rb8+ Kh7 44. Rf8 Kg6 45. Rc8 Rxb3 46. Rxc6+ Kh7 47. c5 Rf3+ 48. Ke5 Rg3 49. Rc7 Kg6 50. Kf4 Rd3 51. Rd7 Rd1 52. c6 Rf1+ 53. Kg3 Rc1 54. c7 Rc6 55. Kf4 Rc4 56. Ke5 Be8 57. Re7 Bb5 58. Kd5 Kg5 59. Rxg7+ Kf4 60. Bc5 Ba6 61. c8Q Bxc8 62. Kxc4 Bxg4 63. Kd4 h5 64. Rf7+ Kg3 65. Ke3 h4 66. Bd6+ Kh3 67. Rf2 Bd1 68. Kf4 Bh5 69. Kg5 1-0

[Event "Ostrava op"]
[Site "Ostrava"]
[Date "1998.??.??"]
[Round "?"]
[White "Chmelik, David"]
[Black "Trombik, Karel"]
[Result "1-0"]
[WhiteElo "1965"]
[BlackElo "2215"]
[PlyCount "95"]
[EventDate "1998.??.??"]
[EventType "swiss"]
[EventRounds "10"]
[EventCountry "CZE"]
[SourceTitle "EXT 2006"]
[Source "ChessBase"]
[SourceDate "2005.11.24"]
[SourceVersion "1"]
[SourceVersionDate "2005.11.24"]
[SourceQuality "1"]

1. d4 Nf6 2. Nf3 e6 3. c4 Bb4+ 4. Nc3 0-0 5. e3 d6 6. Bd3 Qe7 7. a3 Bxc3+ 8. bxc3 e5 9. Be2 c5 10. 0-0 Nc6 11. d5 Na5 12. Nd2 b6 13. Nb3 Nxb3 14. Qxb3 Bf5 15. f3 e4 16. f4 Bg4 17. Qd1 Bxe2 18. Qxe2 Nd7 19. Bd2 f5 20. Kh1 Rf6 21. Rg1 Rg6 22. g4 Rxg4 23. Rxg4 fxg4 24. Qxg4 Nf6 25. Qg5 h6 26. Qf5 Qd7 27. Qxd7 Nxd7 28. a4 Kf7 29. Be1 Nf6 30. h3 Rb8 31. Bh4 Nd7 32. Kh2 Rb7 33. Bd8 Ke8 34. Bh4 Rb8 35. Rg1 Kf7 36. Ra1 Rg8 37. Rg1 g5 38. Bg3 Ke7 39. fxg5 hxg5 40. Bf4 Ne5 41. Bxe5 dxe5 42. Rf1 g4 43. h4 g3+ 44. Kg2 Rg6 45. Rf5 Kd6 46. h5 Rg4 47. h6 Rh4 48. Rf6+ 1-0

[Event "Ostrava op"]
[Site "Ostrava"]
[Date "1998.??.??"]
[Round "?"]
[White "Horak, Michal"]
[Black "Chmelik, David"]
[Result "1-0"]
[WhiteElo "2345"]
[BlackElo "1965"]
[PlyCount "75"]
[EventDate "1998.??.??"]
[EventType "swiss"]
[EventRounds "10"]
[EventCountry "CZE"]
[SourceTitle "EXT 2006"]
[Source "ChessBase"]
[SourceDate "2005.11.24"]
[SourceVersion "1"]
[SourceVersionDate "2005.11.24"]
[SourceQuality "1"]

1. e4 e5 2. Bc4 Nf6 3. Qe2 Bc5 4. Nf3 d6 5. c3 Nc6 6. Bb3 0-0 7. d3 Be6 8. Bc2 d5 9. b4 dxe4 10. dxe4 Nxb4 11. Nxe5 Ng4 12. Nxg4 Bxg4 13. f3 Nxc2+ 14. Qxc2 Be6 15. Nd2 Qh4+ 16. g3 Qh5 17. Qd3 Rad8 18. Qe2 f5 19. e5 f4 20. Ne4 Be3 21. Bxe3 fxe3 22. 0-0 Qxe5 23. Qxe3 Bd5 24. Rae1 Bc4 25. Rf2 Rd3 26. Qxa7 b6 27. f4 Qe7 28. f5 Bd5 29. f6 gxf6 30. Qa6 Rxc3 31. Nxf6+ Rxf6 32. Rxe7 Rc1+ 33. Rf1 Rfxf1+ 34. Qxf1 Rxf1+ 35. Kxf1 c6 36. a3 b5 37. Kf2 Bc4 38. Ke3 1-0